|
|
|
|
| LEADER |
00000nas a2200000 i 4500 |
| 001 |
ssj0001651123 |
| 003 |
WaSeSS |
| 005 |
20200512172242.0 |
| 006 |
m d |
| 007 |
cr n |
| 008 |
160316c20159999ir || p s | 0eng |
| 010 |
|
|
|a 2017332404
|
| 022 |
|
|
|l 2476-3772
|y 2476-4108
|
| 035 |
|
|
|a (WaSeSS)ssj0001651123
|
| 040 |
|
|
|a DNLM
|c DNLM
|d WaSeSS
|
| 042 |
|
|
|a pcc
|
| 060 |
0 |
0 |
|a W1
|b IR255
|
| 130 |
0 |
|
|a International journal of reproductive biomedicine (Yazd, Iran)
|
| 245 |
1 |
0 |
|a International journal of reproductive biomedicine
|h [electronic resource].
|
| 246 |
1 |
|
|a IJRM
|
| 260 |
|
|
|a Yazd :
|b Yazd Research & Clinical Center for Infertility in collaboration with Iranian Society for Reproductive Medicine,
|c [2015]-
|
| 310 |
|
|
|a Monthly
|
| 362 |
1 |
|
|a Began with Volume 13, Number 12 (December 2015).
|
| 506 |
|
|
|a License restrictions may limit access.
|
| 588 |
|
|
|a Description based on Volume 13, Number 12 (December 2015); title from title page.
|
| 588 |
|
|
|a Latest issue consulted: Volume 14, Number 7 (July 2016).
|
| 650 |
1 |
2 |
|a Fertility
|0 https://id.nlm.nih.gov/mesh/D005298
|
| 650 |
2 |
2 |
|a Infertility
|0 https://id.nlm.nih.gov/mesh/D007246
|
| 655 |
|
0 |
|a Electronic journals.
|
| 710 |
2 |
|
|a Research and Clinical Center for Infertility (Yazd, Iran)
|
| 710 |
2 |
|
|a Iranian Society for Reproductive Medicine.
|
| 780 |
0 |
0 |
|t Iranian journal of reproductive medicine
|x 1680-6433
|w (DLC) 2009243272
|w (OCoLC)277185852
|
| 856 |
4 |
0 |
|z Full text available from Research Library: 07/01/2007 to present
|u https://search.proquest.com/publication/105758
|